Stabilizáció és növekedés Magyarországon - néhány elméleti megfontolás.

Prioritné úlohy maďarskej národohospodárskej politiky: stabilizácia hospodárstva a vyviaznutie z recesie. Z hľadiska budovania trhového hospodárstva treba hľadieť na maďarskú ekonomiku ako na rozvojovú. Vývoj bude smerovať k stabilizácii len cez vyrovnaný štátny rozpočet, ako aj vybudovanie takých i...

ver descrição completa

Na minha lista:
Detalhes bibliográficos
Autor principal: Valentinyi, Á.
Formato: Capítulo de Livro
Idioma:húngaro
Assuntos:
Tags: Adicionar Tag
Sem tags, seja o primeiro a adicionar uma tag!

MARC

LEADER 00000naa a2200000 4500
001 r010759
005 20221125113749.4
041 0 |a hun 
044 |a HU 
245 1 0 |a Stabilizáció és növekedés Magyarországon - néhány elméleti megfontolás.  |c Á. Valentinyi 
520 |a Prioritné úlohy maďarskej národohospodárskej politiky: stabilizácia hospodárstva a vyviaznutie z recesie. Z hľadiska budovania trhového hospodárstva treba hľadieť na maďarskú ekonomiku ako na rozvojovú. Vývoj bude smerovať k stabilizácii len cez vyrovnaný štátny rozpočet, ako aj vybudovanie takých inštitúcií, ktoré budú zabezpečovať stabilizáciu hospodárstva. Moderné smery investícií pre prosperujúcu ekonomiku. 
610 2 0 |a stabilizácia hospodárstva 
610 2 0 |a rast hospodársky 
610 2 0 |a MR 
610 2 0 |a politika hospodárska 
610 2 0 |a recesia 
610 2 0 |a hospodárstvo trhové 
610 2 0 |a rozpočet štátny 
610 2 0 |a investície 
100 1 |a Valentinyi, Á.